[Event "Saarland-ch C 85th"]
[Site "Homburg"]
[Date "2010.04.02"]
[Round "8"]
[White "Efinger, Christian"]
[Black "Krueger, Horst"]
[Result "0-1"]
[WhiteElo "933"]
[BlackElo "1207"]
[PlyCount "110"]
[EventDate "2010.03.28"]
[EventType "swiss"]
[EventRounds "9"]
[EventCountry "GER"]
[SourceTitle "EXT 2011"]
[Source "ChessBase"]
[SourceDate "2010.11.26"]
[SourceVersion "1"]
[SourceVersionDate "2010.11.26"]
[SourceQuality "1"]

1. d4 d5 2. c4 Nf6 3. Nc3 c6 4. Nf3 e6 5. Bg5 Be7 6. e3 0-0 7. Bd3 Nbd7 8. Bf4 Ne8 9. Qc2 g6 10. 0-0 f5 11. c5 b6 12. b4 Ng7 13. a4 Nh5 14. Bd6 Bxd6 15. cxd6 Nhf6 16. b5 c5 17. Ne2 c4 18. Bxc4 dxc4 19. Qxc4 Nd5 20. Nc3 Bb7 21. Rac1 Rc8 22. Qb3 Re8 23. Rc2 Nxc3 24. Rxc3 Rxc3 25. Qxc3 Bxf3 26. gxf3 Qg5+ 27. Kh1 Qf6 28. Qc6 Qd8 29. Rc1 Rf8 30. f4 Kg7 31. Qc3 Kg8 32. Qc7 Qe8 33. Qxa7 Qa8+ 34. Qxa8 Rxa8 35. Rc7 Rd8 36. Kg2 Kf8 37. Kh3 Ke8 38. Kh4 h6 39. f3 Ra8 40. e4 Kd8 41. exf5 exf5 42. Rc4 Rc8 43. Rxc8+ Kxc8 44. Kg3 Nf6 45. h4 Nh5+ 46. Kf2 Nxf4 47. Ke3 Nd5+ 48. Kf2 Nc3 49. a5 bxa5 50. b6 Nb5 51. d7+ Kxd7 52. d5 Nd6 53. Ke3 Nc4+ 54. Kd4 Nxb6 55. Ke5 a4 0-1

[Event "Saarland-ch C 85th"]
[Site "Homburg"]
[Date "2010.03.30"]
[Round "5"]
[White "Mueller, Sieglinde"]
[Black "Efinger, Christian"]
[Result "1/2-1/2"]
[WhiteElo "1039"]
[BlackElo "933"]
[PlyCount "63"]
[EventDate "2010.03.28"]
[EventType "swiss"]
[EventRounds "9"]
[EventCountry "GER"]
[SourceTitle "EXT 2011"]
[Source "ChessBase"]
[SourceDate "2010.11.26"]
[SourceVersion "1"]
[SourceVersionDate "2010.11.26"]
[SourceQuality "1"]

1. e4 d5 2. Nc3 d4 3. Nce2 e5 4. Nf3 Nc6 5. b3 Nf6 6. d3 Bc5 7. Bd2 0-0 8. Ng5 Bd7 9. Ng3 g6 10. Be2 Qe7 11. 0-0 Bb4 12. Bxb4 Nxb4 13. Qc1 Ne8 14. Nf3 c5 15. Nd2 Nd6 16. a3 Nc6 17. c4 f5 18. Bf3 f4 19. Ne2 g5 20. Bh5 g4 21. f3 g3 22. hxg3 fxg3 23. Nxg3 Qh4 24. Qe1 Nd8 25. Kf2 Ne6 26. Rh1 Qg5 27. a4 Nf4 28. Ndf1 Nxd3+ 29. Ke2 Nxe1 30. Kxe1 Qxg3+ 31. Nxg3 b6 32. Ne2 1/2-1/2